[Event "WchT Seniors 65"]
[Site "Prague"]
[Date "2020.03.07"]
[Round "2.17"]
[White "Sunkova, Marie"]
[Black "Nickl, Klaus"]
[Result "0-1"]
[WhiteElo "1837"]
[BlackElo "1946"]
[PlyCount "100"]
[EventDate "2020.03.06"]
[EventType "team-swiss"]
[EventRounds "7"]
[EventCountry "CZE"]
[SourceTitle "CBM 195 Extra"]
[Source "ChessBase"]
[SourceDate "2020.05.31"]
[SourceVersion "1"]
[SourceVersionDate "2020.05.31"]
[SourceQuality "1"]
[WhiteTeam "Czech Republic 65 (W)"]
[BlackTeam "Austria 65 II"]
[WhiteTeamCountry "CZE"]
[BlackTeamCountry "AUT"]

1. d4 Nf6 2. c4 e6 3. Nc3 Bb4 4. Qc2 c5 5. a3 Bxc3+ 6. bxc3 b6 7. Nf3 Bb7 8. e3 d6 9. Bd3 Nbd7 10. 0-0 Qc7 11. Re1 0-0 12. e4 e5 13. d5 Rfe8 14. Qe2 h6 15. Nh4 Nf8 16. Qf3 Qd8 17. Nf5 Bc8 18. h3 Kh7 19. g4 Ng8 20. Kh2 g6 21. Nxd6 Qf6 22. Qxf6 Nxf6 23. Nxe8 Nxe8 24. f4 f6 25. Rf1 Nd7 26. Bd2 Kg7 27. Rf2 Nd6 28. Rg1 Ba6 29. g5 hxg5 30. fxg5 Bxc4 31. Bc2 Rf8 32. gxf6+ Nxf6 33. Rfg2 Kf7 34. Rf2 Ke8 35. Rxg6 Ng4+ 36. Kg3 Rxf2 37. hxg4 Rxd2 38. Rxd6 Rxc2 39. g5 Be2 40. Re6+ Kf7 41. Rxe5 Rxc3+ 42. Kf2 Bg4 43. d6 Rf3+ 44. Ke1 Rd3 45. Re7+ Kg6 46. e5 Kxg5 47. Kf2 Kf4 48. e6 Rd2+ 49. Kf1 Rxd6 50. Rf7+ Kg3 0-1

[Event "Steyr Landesliga 1920"]
[Site "Austria"]
[Date "2020.01.25"]
[Round "7.7"]
[White "Rauch, Heribert"]
[Black "Nickl, Klaus"]
[Result "0-1"]
[WhiteElo "1819"]
[BlackElo "1981"]
[PlyCount "68"]
[EventDate "2019.09.28"]
[EventType "team-tourn"]
[EventRounds "11"]
[EventCountry "AUT"]
[SourceTitle "CBM 195 Extra"]
[Source "ChessBase"]
[SourceDate "2020.05.31"]
[SourceVersion "1"]
[SourceVersionDate "2020.05.31"]
[SourceQuality "1"]
[WhiteTeam "Feldbach Kirchberg"]
[BlackTeam "Gratwein Strassengel"]
[WhiteTeamCountry "AUT"]
[BlackTeamCountry "AUT"]

1. d4 Nf6 2. c4 e6 3. Nf3 Bb4+ 4. Bd2 a5 5. e3 0-0 6. Bd3 d5 7. 0-0 c5 8. a3 Bxd2 9. Nbxd2 cxd4 10. exd4 dxc4 11. Nxc4 Nc6 12. Nce5 Ne7 13. Rc1 Ned5 14. Re1 Nf4 15. Bb1 N6d5 16. Qc2 f5 17. g3 Nh3+ 18. Kg2 Ng5 19. Nh4 Ne4 20. Rxe4 fxe4 21. Qxe4 Nf6 22. Qd3 b6 23. Ng4 Bb7+ 24. f3 Qd7 25. Nxf6+ gxf6 26. Ba2 Rac8 27. Qf5 Bd5 28. Qg4+ Kh8 29. Bxd5 Qxd5 30. Re1 Rc6 31. Re5 fxe5 32. Ng6+ hxg6 33. Qxg6 Qxf3+ 34. Kh3 Rf7 0-1

[Event "Steyr Landesliga 1920"]
[Site "Austria"]
[Date "2019.09.28"]
[Round "1.6"]
[White "Zeiler, Georg"]
[Black "Nickl, Klaus"]
[Result "1/2-1/2"]
[WhiteElo "1770"]
[BlackElo "1981"]
[PlyCount "46"]
[EventDate "2019.09.28"]
[EventType "team-tourn"]
[EventRounds "11"]
[EventCountry "AUT"]
[SourceTitle "CBM 193 Extra"]
[Source "ChessBase"]
[SourceDate "2020.01.31"]
[SourceVersion "1"]
[SourceVersionDate "2020.01.31"]
[SourceQuality "1"]
[WhiteTeam "Trofaiach Niklasdorf"]
[BlackTeam "Gratwein Strassengel"]
[WhiteTeamCountry "AUT"]
[BlackTeamCountry "AUT"]

1. d4 Nf6 2. Nf3 g6 3. g3 Bg7 4. Bg2 0-0 5. 0-0 d6 6. c4 Nc6 7. Nc3 Bd7 8. e4 e5 9. dxe5 dxe5 10. Bg5 h6 11. Be3 Re8 12. h3 Qc8 13. Kh2 Be6 14. b3 Kh7 15. Qe2 Nd4 16. Nxd4 exd4 17. Bxd4 Ng4+ 18. hxg4 Bxd4 19. Rac1 Bxg4 20. Bf3 Bxf3 21. Qxf3 Bxc3 22. Rxc3 Qe6 23. Rd1 Rad8 1/2-1/2

[Event "Steyr Landesliga 1819"]
[Site "Austria"]
[Date "2019.01.12"]
[Round "6.5"]
[White "Almer, Gerald"]
[Black "Nickl, Klaus"]
[Result "1-0"]
[WhiteElo "2141"]
[BlackElo "2000"]
[PlyCount "79"]
[EventDate "2018.10.06"]
[EventType "team-tourn"]
[EventRounds "11"]
[EventCountry "AUT"]
[SourceTitle "CBM 189 Extra"]
[Source "ChessBase"]
[SourceDate "2019.06.03"]
[SourceVersion "1"]
[SourceVersionDate "2019.06.03"]
[SourceQuality "1"]
[WhiteTeam "Feldbach Kirchberg"]
[BlackTeam "Gratwein Strassengel"]
[WhiteTeamCountry "AUT"]
[BlackTeamCountry "AUT"]

1. d4 Nf6 2. g3 g6 3. Bg2 Bg7 4. Nf3 0-0 5. c4 d6 6. 0-0 Nc6 7. Nc3 Bd7 8. d5 Na5 9. Qd3 c5 10. h3 a6 11. Bf4 b5 12. b3 b4 13. Na4 Nh5 14. Rab1 Nxf4 15. gxf4 Rb8 16. Nb2 Nb7 17. e4 Bh6 18. Qe3 e5 19. dxe6 fxe6 20. e5 Bxf4 21. Qe2 d5 22. cxd5 Bb5 23. Nc4 exd5 24. Rfd1 d4 25. Qe4 Qe7 26. Re1 Qe6 27. Nfd2 Nd8 28. Qc2 Bc6 29. Ne4 Nb7 30. Rbd1 Kg7 31. Nb2 Qf5 32. Nd3 Bxe4 33. Rxe4 Bg5 34. Qc4 Qc8 35. f4 Be7 36. Rf1 Na5 37. Qc2 c4 38. bxc4 Nxc4 39. Rxd4 Ne3 40. Qxc8 1-0

[Event "Wch Seniors 65 28th"]
[Site "Bled"]
[Date "2018.11.28"]
[Round "10"]
[White "Nickl, Klaus"]
[Black "Acosta, Mariano"]
[Result "1/2-1/2"]
[WhiteElo "2006"]
[BlackElo "1721"]
[PlyCount "145"]
[EventDate "2018.11.18"]
[EventType "swiss"]
[EventRounds "11"]
[EventCountry "SLO"]
[SourceTitle "CBM 187 Extra"]
[Source "ChessBase"]
[SourceDate "2018.11.04"]
[SourceVersion "1"]
[SourceVersionDate "2018.11.04"]
[SourceQuality "1"]

1. d4 g6 2. Bf4 d6 3. e3 Nf6 4. h3 Bg7 5. Nf3 0-0 6. Be2 Nbd7 7. c3 Qe8 8. 0-0 e5 9. Bh2 Qe7 10. Na3 c6 11. Nc4 Ne8 12. dxe5 dxe5 13. e4 Kh8 14. Bg3 a5 15. Bh4 f6 16. Nfd2 b6 17. f3 Ba6 18. Bf2 Rb8 19. Ne3 Bxe2 20. Qxe2 h5 21. Qc4 Qd6 22. Rfd1 Qc7 23. b4 Nd6 24. Qb3 Bh6 25. Ndc4 a4 26. Qc2 Nb5 27. Qb2 Rfd8 28. Nc2 Nf8 29. Be3 Bg7 30. N2a3 Nxa3 31. Nxa3 Ne6 32. Qc2 b5 33. Rxd8+ Qxd8 34. Rd1 Qe7 35. Rd3 Bf8 36. Qd2 Rd8 37. Rxd8 Qxd8 38. Qxd8 Nxd8 39. Kf2 Kg8 40. Ke2 Kf7 41. Kd3 Ke6 42. Bd2 Nb7 43. c4 Nd6 44. Be3 bxc4+ 45. Nxc4 Nb5 46. Bd2 f5 47. Na5 fxe4+ 48. fxe4 Kd7 49. Nc4 Ke6 50. Bc3 Bd6 51. Nb6 a3 52. Nc4 g5 53. Kc2 g4 54. hxg4 hxg4 55. Ne3 Nd4+ 56. Kd3 Nb5 57. Nxg4 c5 58. bxc5 Nxc3 59. Kxc3 Bxc5 60. Kc4 Bd4 61. Nh2 Bb2 62. Nf3 Bc1 63. Ne1 Kf6 64. Kd5 Bb2 65. Nf3 Bc3 66. g4 Bb2 67. g5+ Kg6 68. Nxe5+ Kxg5 69. Nd3 Kg4 70. Kc4 Kf3 71. e5 Ke4 72. e6 Bf6 73. Nb4 1/2-1/2

[Event "Wch Seniors 65 28th"]
[Site "Bled"]
[Date "2018.11.22"]
[Round "5"]
[White "Karasev, Vladimir I"]
[Black "Nickl, Klaus"]
[Result "1-0"]
[WhiteElo "2314"]
[BlackElo "2006"]
[PlyCount "101"]
[EventDate "2018.11.18"]
[EventType "swiss"]
[EventRounds "11"]
[EventCountry "SLO"]
[SourceTitle "CBM 187 Extra"]
[Source "ChessBase"]
[SourceDate "2018.11.04"]
[SourceVersion "1"]
[SourceVersionDate "2018.11.04"]
[SourceQuality "1"]

1. d4 d5 2. c4 c6 3. Nf3 Nf6 4. Nc3 Bf5 5. Qb3 Qb6 6. c5 Qc7 7. Bf4 Qc8 8. e3 Nbd7 9. Rc1 h6 10. h3 g5 11. Bh2 Bg7 12. Qd1 Ne4 13. Bd3 Nxc3 14. Rxc3 Bxd3 15. Qxd3 0-0 16. 0-0 Re8 17. b4 a6 18. a4 e5 19. Qb1 e4 20. Nd2 f5 21. f4 exf3 22. Qxf5 fxg2 23. Kxg2 Nf6 24. Qxc8 Raxc8 25. Be5 Ne4 26. Nxe4 dxe4 27. Bd6 Re6 28. b5 cxb5 29. axb5 axb5 30. Rb3 b6 31. Rxb5 bxc5 32. Bxc5 Rf6 33. Rb7 Rxf1 34. Kxf1 Bf8 35. Bxf8 Rxf8+ 36. Ke2 Rf3 37. Re7 Rxh3 38. Rxe4 Kf7 39. d5 Rh2+ 40. Kf3 Rd2 41. Re5 Kf6 42. Re6+ Kf7 43. e4 h5 44. Rh6 Rd3+ 45. Ke2 Rh3 46. e5 h4 47. d6 Rh2+ 48. Ke3 g4 49. d7 Ke7 50. Rh7+ Kd8 51. e6 1-0

[Event "Wch Seniors 65 28th"]
[Site "Bled"]
[Date "2018.11.19"]
[Round "2"]
[White "Nickl, Klaus"]
[Black "Bergen, Klaus"]
[Result "1-0"]
[WhiteElo "2006"]
[BlackElo "1858"]
[PlyCount "73"]
[EventDate "2018.11.18"]
[EventType "swiss"]
[EventRounds "11"]
[EventCountry "SLO"]
[SourceTitle "CBM 187 Extra"]
[Source "ChessBase"]
[SourceDate "2018.11.04"]
[SourceVersion "1"]
[SourceVersionDate "2018.11.04"]
[SourceQuality "1"]

1. d4 Nf6 2. Bg5 d5 3. Nd2 g6 4. e3 Bg7 5. Ngf3 c5 6. c3 cxd4 7. exd4 0-0 8. Be2 Nc6 9. 0-0 Qb6 10. Qb3 Qxb3 11. axb3 Bg4 12. h3 Bxf3 13. Bxf3 e6 14. b4 a6 15. Rfe1 Rfe8 16. Bf4 Nd7 17. Nb3 Rac8 18. Re2 f6 19. Rae1 Kf7 20. Nc5 Nxc5 21. bxc5 Rcd8 22. Bd6 Bh6 23. b4 Bg7 24. g4 Rc8 25. Bg2 g5 26. Bf3 Ra8 27. Rb2 Bf8 28. Bg3 Red8 29. Rbe2 Re8 30. h4 h6 31. Bg2 Rad8 32. f4 gxf4 33. Bxf4 Bg7 34. Bd6 Rc8 35. Bf3 h5 36. g5 fxg5 37. Bxh5+ 1-0

[Event "Arber Seniors op 6th"]
[Site "Bayerisch Eisenstein"]
[Date "2018.08.05"]
[Round "9"]
[White "Ketzscher, Roland"]
[Black "Nickl, Klaus"]
[Result "1/2-1/2"]
[WhiteElo "1907"]
[BlackElo "2026"]
[PlyCount "20"]
[EventDate "2018.07.28"]
[EventType "swiss"]
[EventRounds "9"]
[EventCountry "GER"]
[SourceTitle "EXT 2019"]
[Source "ChessBase"]
[SourceDate "2018.10.10"]
[SourceVersion "1"]
[SourceVersionDate "2018.10.10"]
[SourceQuality "1"]

1. d4 Nf6 2. c4 g6 3. Nc3 Bg7 4. e4 d6 5. Be2 0-0 6. Bg5 h6 7. Be3 e5 8. d5 Na6 9. Qd2 Kh7 10. a3 Nc5 1/2-1/2

[Event "AUT-ch Seniors 65"]
[Site "Deutschlandsberg"]
[Date "2018.04.23"]
[Round "2"]
[White "Nickl, Klaus"]
[Black "Storer, Hans"]
[Result "1/2-1/2"]
[WhiteElo "2070"]
[BlackElo "1720"]
[PlyCount "56"]
[EventDate "2018.04.22"]
[EventType "swiss"]
[EventRounds "7"]
[EventCountry "AUT"]
[SourceTitle "CBM 184 Extra"]
[Source "ChessBase"]
[SourceDate "2018.06.28"]
[SourceVersion "1"]
[SourceVersionDate "2018.06.28"]
[SourceQuality "1"]

1. d4 d5 2. Nf3 Nf6 3. Bf4 e6 4. e3 Nbd7 5. c4 c5 6. Nc3 Qa5 7. Nd2 a6 8. cxd5 Nxd5 9. Nc4 Nxc3 10. Nxa5 Nxd1 11. Rxd1 cxd4 12. exd4 Bb4+ 13. Bd2 Bxd2+ 14. Rxd2 Nf6 15. Be2 0-0 16. 0-0 Rd8 17. Rfd1 Nd5 18. Bf3 Rb8 19. Nc4 Bd7 20. Bxd5 exd5 21. Nb6 Be6 22. Rc2 Rd6 23. Na4 b6 24. Rdc1 g6 25. Rc6 Rxc6 26. Rxc6 Bd7 27. Rxb6 Re8 28. f3 Bxa4 1/2-1/2

[Event "North Austria-ch Seniors 65"]
[Site "Spitz am Donau"]
[Date "2017.10.14"]
[Round "7"]
[White "Nickl, Klaus"]
[Black "Enzendorfer, Alfred"]
[Result "1/2-1/2"]
[WhiteElo "2075"]
[BlackElo "2100"]
[PlyCount "102"]
[EventDate "2017.10.08"]
[EventType "swiss"]
[EventRounds "7"]
[EventCountry "AUT"]
[SourceTitle "CBM 181 Extra"]
[Source "ChessBase"]
[SourceDate "2017.12.12"]
[SourceVersion "1"]
[SourceVersionDate "2017.12.12"]
[SourceQuality "1"]

1. d4 d5 2. Nc3 Bf5 3. Nf3 e6 4. Bf4 a6 5. e3 Nd7 6. Bd3 Ne7 7. e4 dxe4 8. Nxe4 Nd5 9. Bd2 Nb4 10. Bxb4 Bxb4+ 11. c3 Be7 12. 0-0 h6 13. Qe2 0-0 14. Rad1 c6 15. Ng3 Bxd3 16. Rxd3 Qc7 17. Nf5 Bf6 18. Ne3 Rfe8 19. Ng4 Qf4 20. Nxf6+ Qxf6 21. Ne5 Nxe5 22. Qxe5 Rad8 23. Qxf6 gxf6 24. f4 Rd5 25. c4 Rd7 26. Rfd1 Red8 27. Kf2 Kf8 28. g4 Ke7 29. Ke3 Rg8 30. h3 h5 31. Rg1 hxg4 32. Rxg4 Rh8 33. Rg3 Rh5 34. b4 Rd8 35. Kd2 a5 36. a3 axb4 37. axb4 Rf5 38. Rgf3 Ra8 39. Kc2 Ra2+ 40. Kb3 Re2 41. d5 Re4 42. dxc6 bxc6 43. c5 Rfxf4 44. Rxf4 Rxf4 45. Rd6 Rf3+ 46. Kc4 Rxh3 47. Rxc6 Rh4+ 48. Kc3 f5 49. b5 Rh3+ 50. Kc2 f4 51. b6 Rh2+ 1/2-1/2

[Event "North Austria-ch Seniors 65"]
[Site "Spitz am Donau"]
[Date "2017.10.11"]
[Round "4"]
[White "Blodig, Reinhard"]
[Black "Nickl, Klaus"]
[Result "1/2-1/2"]
[WhiteElo "2059"]
[BlackElo "2075"]
[PlyCount "29"]
[EventDate "2017.10.08"]
[EventType "swiss"]
[EventRounds "7"]
[EventCountry "AUT"]
[SourceTitle "CBM 181 Extra"]
[Source "ChessBase"]
[SourceDate "2017.12.12"]
[SourceVersion "1"]
[SourceVersionDate "2017.12.12"]
[SourceQuality "1"]

1. e4 e6 2. d4 d5 3. Nd2 dxe4 4. Nxe4 Nd7 5. Nf3 Ngf6 6. Bd3 c5 7. Nxf6+ Nxf6 8. 0-0 cxd4 9. Nxd4 Be7 10. Bb5+ Bd7 11. Qe2 Bxb5 12. Qxb5+ Qd7 13. Be3 0-0 14. c4 Qxb5 15. Nxb5 1/2-1/2

[Event "Wch Seniors 65 26th"]
[Site "Marianske Lazne"]
[Date "2016.11.24"]
[Round "6"]
[White "Nickl, Klaus"]
[Black "Ben Zeev, Moshe"]
[Result "1/2-1/2"]
[WhiteElo "2075"]
[BlackElo "1943"]
[PlyCount "79"]
[EventDate "2016.11.19"]
[EventType "swiss"]
[EventRounds "11"]
[EventCountry "CZE"]
[SourceTitle "CBM 175 Extra"]
[Source "ChessBase"]
[SourceDate "2016.12.12"]
[SourceVersion "1"]
[SourceVersionDate "2016.12.12"]
[SourceQuality "1"]

1. d4 Nf6 2. Bg5 d5 3. Nd2 e6 4. e3 c5 5. Ngf3 Nc6 6. c3 a6 7. Bd3 cxd4 8. exd4 Be7 9. 0-0 Ng4 10. Bxe7 Qxe7 11. Re1 Nf6 12. Ne5 Nd7 13. f4 Ncxe5 14. fxe5 Nf8 15. Nf3 Bd7 16. Qd2 Bb5 17. Bc2 0-0-0 18. a4 Be8 19. b4 b6 20. Bd3 Kb7 21. Qe2 Ra8 22. b5 a5 23. c4 Ka7 24. Rec1 Rc8 25. cxd5 Rxc1+ 26. Rxc1 exd5 27. Qa2 Qb7 28. Bf5 Ne6 29. Bxe6 fxe6 30. Qa3 Bh5 31. Ng5 Bg4 32. Qd6 Rc8 33. Rc6 Bd1 34. Nxe6 Bxa4 35. Nc5 Rxc6 36. bxc6 Qxc6 37. Qe7+ Ka8 38. Qd8+ Ka7 39. Qe7+ Ka8 40. Qd8+ 1/2-1/2

[Event "Wch Seniors 65 26th"]
[Site "Marianske Lazne"]
[Date "2016.11.23"]
[Round "5"]
[White "Valtera, Jiri"]
[Black "Nickl, Klaus"]
[Result "1/2-1/2"]
[WhiteElo "1943"]
[BlackElo "2075"]
[PlyCount "72"]
[EventDate "2016.11.19"]
[EventType "swiss"]
[EventRounds "11"]
[EventCountry "CZE"]
[SourceTitle "CBM 175 Extra"]
[Source "ChessBase"]
[SourceDate "2016.12.12"]
[SourceVersion "1"]
[SourceVersionDate "2016.12.12"]
[SourceQuality "1"]

1. e4 e6 2. d4 d5 3. Nc3 dxe4 4. Nxe4 Nd7 5. Bd3 Ngf6 6. Nf3 c5 7. Qe2 cxd4 8. Nxd4 Nxe4 9. Qxe4 Qa5+ 10. Bd2 Qe5 11. Qxe5 Nxe5 12. Bb5+ Nd7 13. 0-0 a6 14. Be2 Bd6 15. c4 0-0 16. b4 Be5 17. Bc3 Bf6 18. Rfc1 Ne5 19. Nf3 Nc6 20. Bxf6 gxf6 21. a3 Bd7 22. Rd1 Rfd8 23. Rd6 Kf8 24. c5 Ke7 25. Kf1 Be8 26. Rad1 Rxd6 27. Rxd6 Rd8 28. Rxd8 Kxd8 29. Ke1 h6 30. Kd2 Ne7 31. Nd4 e5 32. Nc2 Bc6 33. Ne3 f5 34. h3 Kd7 35. Bc4 f6 36. Kc3 Ba4 1/2-1/2

[Event "Wch Seniors 65 26th"]
[Site "Marianske Lazne"]
[Date "2016.11.21"]
[Round "3"]
[White "Prachar, Josef"]
[Black "Nickl, Klaus"]
[Result "1/2-1/2"]
[WhiteElo "1918"]
[BlackElo "2075"]
[PlyCount "76"]
[EventDate "2016.11.19"]
[EventType "swiss"]
[EventRounds "11"]
[EventCountry "CZE"]
[SourceTitle "CBM 175 Extra"]
[Source "ChessBase"]
[SourceDate "2016.12.12"]
[SourceVersion "1"]
[SourceVersionDate "2016.12.12"]
[SourceQuality "1"]

1. d4 Nf6 2. c4 g6 3. Nc3 Bg7 4. e4 d6 5. f4 0-0 6. Nf3 c5 7. d5 e6 8. Be2 exd5 9. cxd5 Re8 10. e5 dxe5 11. fxe5 Ng4 12. e6 fxe6 13. Bg5 Qb6 14. Qd2 Ne5 15. 0-0-0 Na6 16. d6 Bd7 17. Nxe5 Bxe5 18. a3 Rac8 19. Bc4 Bd4 20. Ne4 Rf8 21. Be7 Rf4 22. Rde1 Rf5 23. Rhf1 Kg7 24. Rxf5 exf5 25. Ng5 Nb8 26. Ne6+ Bxe6 27. Bxe6 Re8 28. Bxf5 Qxb2+ 29. Qxb2 Bxb2+ 30. Kxb2 gxf5 31. Re5 Nd7 32. Rxf5 b5 33. Kc3 Rb8 34. Rf4 Rb7 35. Rg4+ Kf7 36. Rh4 Kg6 37. Rg4+ Kf7 38. Rh4 Kg6 1/2-1/2

[Event "Wch Seniors 65 26th"]
[Site "Marianske Lazne"]
[Date "2016.11.20"]
[Round "2"]
[White "Nickl, Klaus"]
[Black "Sloth, Jorn"]
[Result "0-1"]
[WhiteElo "2075"]
[BlackElo "2312"]
[PlyCount "82"]
[EventDate "2016.11.19"]
[EventType "swiss"]
[EventRounds "11"]
[EventCountry "CZE"]
[SourceTitle "CBM 175 Extra"]
[Source "ChessBase"]
[SourceDate "2016.12.12"]
[SourceVersion "1"]
[SourceVersionDate "2016.12.12"]
[SourceQuality "1"]

1. d4 d6 2. Nf3 Nf6 3. Bf4 c6 4. c3 Qb6 5. Qc1 c5 6. e3 Nc6 7. Nbd2 cxd4 8. exd4 Bg4 9. Be2 e6 10. 0-0 Rc8 11. Qb1 Be7 12. Nc4 Qd8 13. Re1 0-0 14. Ne3 Bxf3 15. Bxf3 d5 16. h3 b5 17. Be2 Qb6 18. a3 Na5 19. b4 Nb7 20. Rc1 Bd6 21. Bxd6 Nxd6 22. a4 Nfe4 23. Qd3 a6 24. f3 Nf6 25. g4 Nc4 26. axb5 axb5 27. Nxc4 dxc4 28. Qe3 e5 29. Qf2 exd4 30. Qxd4 Qxd4+ 31. cxd4 Rfd8 32. Ra5 Rb8 33. Bxc4 bxc4 34. Rxc4 Nd5 35. b5 g5 36. Rc5 h6 37. Ra6 Kg7 38. Ra7 Rb6 39. Ra6 Rb7 40. Kf2 Nc7 41. Ra4 Ne6 0-1

[Event "Sachsen-ch Seniors op"]
[Site "Dresden"]
[Date "2016.11.08"]
[Round "9"]
[White "Nickl, Klaus"]
[Black "Siegmund, Rainer"]
[Result "1/2-1/2"]
[WhiteElo "2066"]
[BlackElo "2090"]
[PlyCount "108"]
[EventDate "2016.10.31"]
[EventType "swiss"]
[EventRounds "9"]
[EventCountry "GER"]
[SourceTitle "EXT 2019"]
[Source "ChessBase"]
[SourceDate "2018.10.10"]
[SourceVersion "1"]
[SourceVersionDate "2018.10.10"]
[SourceQuality "1"]

1. d4 Nf6 2. Bg5 d5 3. Nd2 Bf5 4. e3 Nbd7 5. Ngf3 h6 6. Bh4 e6 7. Bd3 Be7 8. 0-0 0-0 9. Bxf6 Bxf6 10. e4 Bg4 11. e5 Bg5 12. h3 Bh5 13. g4 Bg6 14. Nxg5 Bxd3 15. cxd3 Qxg5 16. f4 Qh4 17. Kh2 f5 18. Nf3 Qe7 19. g5 Qe8 20. gxh6 gxh6 21. Qc2 c6 22. Qb3 Kh7 23. Rg1 b5 24. Rg3 Rg8 25. Rxg8 Qxg8 26. Rg1 Qf7 27. Qa3 Nf8 28. Qa6 Ng6 29. Qxc6 Rb8 30. Qc1 Rb7 31. Qd2 Rc7 32. Rc1 Qd7 33. Kg3 Qc8 34. Rxc7+ Qxc7 35. Kf2 a6 36. Ke3 Qc6 37. h4 Qc7 38. h5 Nf8 39. Qc3 Qf7 40. Qc8 Kg8 41. Qxa6 Qxh5 42. Qxb5 Qg4 43. Qe8 Qg2 44. b4 Qxa2 45. b5 Qa7 46. Qd8 Qd7 47. Qxd7 Nxd7 48. Kd2 Kf7 49. Nh4 Ke7 50. Kc3 Kd8 51. Kb4 Kc7 52. Ka5 Kb7 53. Ng6 h5 54. Nh4 Nf8 1/2-1/2